Normal view
MARC view
Entry Personal Name
001 - CONTROL NUMBER
- control field: 8332
003 - CONTROL NUMBER IDENTIFIER
- control field: OSt
005 - DATE AND TIME OF LATEST TRANSACTION
- control field: 20160426183000.0
008 - FIXED-LENGTH DATA ELEMENTS
- fixed length control field: 160426|| aca||aabn | a|a d
040 ## - CATALOGING SOURCE
- Original cataloging agency: OSt
- Transcribing agency: OSt
100 ## - HEADING--PERSONAL NAME
- Personal name: Katok, A. B.
670 ## - SOURCE DATA FOUND
- Source citation: Work cat.: (OSt)3791: Katok, A. B., Introduction to the modern theory of dynamical systems /, 1995.
